LEADER 01006cam0-2200361---450- 001 990004748240403321 005 20140211151853.0 035 $a000474824 035 $aFED01000474824 035 $a(Aleph)000474824FED01 035 $a000474824 100 $a19990604d1959----km-y0itay50------ba 101 2 $aita$afre 102 $aIT 105 $a--------001ay 200 1 $aAlcassino e Nicoletta$f[a cura di Giuseppina Calzecchi Onesti] 210 $aFirenze$cFussi$cSansoni$d1959 215 $a163 p.$d17 cm 225 1 $a<>melagrano$v221-224 300 $aTesto originale a fronte 454 0$12001$aAucassins et Nicolete$959003 676 $a843.1 702 1$aGozzini Calzecchi Onesti,$bGiuseppina 801 0$aIT$bUNINA$gRICA$2UNIMARC 901 $aBK 912 $a990004748240403321 952 $aF.Russo 1410$fBAT 952 $a843.1 CAL 1$bBibl. s.i.$fFLFBC 959 $aFLFBC 959 $aBAT 959 $aFLFBC 996 $aAucassins et Nicolete$959003 997 $aUNINA LEADER 02956nam 2200733Ia 450 001 9910970777103321 005 20251107091807.0 010 $a979-82-16-41238-0 010 $a979-82-16-29587-7 010 $a1-299-28885-5 010 $a1-4422-1522-4 024 7 $a10.5040/9798216412380 035 $a(CKB)2550000001255777 035 $a(EBL)1144132 035 $a(OCoLC)855502795 035 $a(SSID)ssj0000861556 035 $a(PQKBManifestationID)11447817 035 $a(PQKBTitleCode)TC0000861556 035 $a(PQKBWorkID)10916464 035 $a(PQKB)11020317 035 $a(Au-PeEL)EBL1144132 035 $a(CaPaEBR)ebr10670406 035 $a(CaONFJC)MIL460135 035 $a(ODN)ODN0001261015 035 $a(MiAaPQ)EBC1144132 035 $a(OCoLC)1100688830 035 $a(UkLoBP)BP9798216412380BC 035 $a(EXLCZ)992550000001255777 100 $a20121101d2013 uy 0 101 0 $aeng 135 $aur|n|---||||| 181 $ctxt 182 $cc 183 $acr 200 10$aCatching cancer $ethe quest for its viral and bacterial causes /$fClaudia Cornwall 205 $a1st ed. 210 1$aLanham :$cRowman & Littlefield Publishers,$d2014. 210 2$aNew York :$cBloomsbury Publishing(US),$d2014. 215 $a1 online resource (241 p.) 300 $aDescription based upon print version of record. 311 08$a1-4422-1521-6 311 08$a1-4422-1520-8 320 $aIncludes bibliographical references (pages 215-221) and index. 327 $aContents; Acknowledgments; Introduction; 1 More Than a Curiosity; 2 Palmer Beasley Discovers a Silent Epidemic; 3 Harald zur Hausen Solves the Riddle of Cervical Cancer; 4 Barry Marshall, Robin Warren, and Helicobacter pylori; 5 Paul Ewald Stalks the Stealth Infections; 6 Gene Hunters; Notes; Bibliography; Index; About the Author 330 $aThe idea that you can "catch" cancer is radical, and yet several renowned scientists have shown that it is possible to do just that. Catching Cancer takes you inside a medical revolution and reveals the struggles of the scientists who persisted with their novel ideas despite opposition, disbelievers, and the challenges of expanding scientific frontiers in cancer research. Through interviews with the key players and an exploration of the science behind new discoveries, Claudia Cornwall reveals the key breakthroughs that se 606 $aCancer$xEtiology 606 $aCancer$xResearch$xHistory 615 0$aCancer$xEtiology. 615 0$aCancer$xResearch$xHistory. 676 $a616.99/4 686 $aHEA000000$2bisacsh 700 $aCornwall$b Claudia Maria$01630499 712 02$aBloomsbury (Firm), 801 0$bUKAHL 801 1$bUKAHL 801 2$bOCLCQ 801 2$bOCLCL 801 2$bBLOOM 801 2$bUtOrBLW 906 $aBOOK 912 $a9910970777103321 996 $aCatching cancer$94380259 997 $aUNINA 999 $cEBook